000 01452nam a2200421 a 4500
001 000011061
003 DO-SdBNP
005 20251029141617.0
008 930111s1992 ve ad 001 0 spa d
020 _a9802594709
040 _aDO-SdBNP
_bspa
_cBNPHU
082 _a609.87
_bC569v
245 0 3 _aLa Ciencia en Venezuela :
_bpasado, presente y futuro /
_cHumberto Ruiz Calderón ... [et al.]. ; prólogo José Luis Avila Bello.
260 _aCaracas, Venezuela :
_bLagoven,
_c1992.
300 _a162 p. :
_bil. ;
_c22 cm.
490 1 _aCuadernos Lagoven
490 1 _aMedio milenio
500 _aIncluye índices
504 _aBibliográfia: p. 145-154
650 4 _aCiencia y tecnología
_zVenezuela
_926540
650 4 _aDesarrollo científico y tecnológico
_zVenezuela
_926541
650 4 _aInvestigación científica
_zVenezuela
_926542
700 1 _aRuiz Calderon, Humberto.
_926543
700 1 _aVessuri, Hebe M.C
_926544
700 1 _aDi Prisco, María Cristina
_926545
700 1 _aFreites, Yajaira
_926546
700 1 _aTexera, Yolanda
_926547
700 1 _aRoche, Marcel
_926548
700 1 _aAvila Bello, José
_926549
700 1 _aConvit, Jacinto
_926550
700 1 _aAvalos, Ignacio
_926551
700 1 _aJaffé, Walter
_926552
700 1 _aUrbina, Julio
_926553
700 1 _aAvila Bello, José Luis,
_epról.
_926554
830 0 _aCuadernos Lagoven.
_926555
830 0 _aMedio Milenio
_920727
942 _2ddc
_cLBS1
999 _c10787
_d10787